| 000 | 00820nam a2200229Ii 4500 | ||
|---|---|---|---|
| 003 | JO-AjNU | ||
| 008 | 230605s9999||||xx |||||||||||||| ||und|| | ||
| 017 | _a1991/8140 | ||
| 020 | _a977-5083-52-4 | ||
| 040 |
_aJO-AjNU _bara _erda _cJO-AjNU |
||
| 041 | _aara | ||
| 050 | 1 | 4 | _aNK1270.R3234 1992 |
| 100 | 3 |
_aحامد خليفة، ربيع تأليف, _eauthor _938665 |
|
| 245 | 0 | 0 | _aالفنون الزخرفية اليمنية في العصر الإسلامي |
| 250 | _aط1 | ||
| 264 | 3 | 1 | _aالقاهرة:الدار المصرية اللبنانية,1992 |
| 300 | _a278ص | ||
| 336 |
_atext _btxt _2rdacontent |
||
| 337 |
_aunmediated _bn _2rdamedia |
||
| 338 |
_avolume _bnc _2rdacarrier |
||
| 650 | 4 |
_aالفنون-الفن-الفنون الزخرفية اليمنية في العصر الاسلامي _938666 |
|
| 999 |
_aA16264 _c19832 _d19832 |
||